000
00282nam a22001217a 4500
008
181017b xxu||||| |||| 00| 0 eng d
041
_a
eng
080
_a
510
100
_a
37
101
_a
Mat
245
_a
A survey Of Mathematics With Aoolications
_c
Angel.A
942
_2
udc
_c
BK
999
_c
50007
_d
50007